| 000 | 00767nam a22002177a 4500 | ||
|---|---|---|---|
| 005 | 20230127082246.0 | ||
| 008 | 230127b |||||||| |||| 00| 0 eng d | ||
| 020 | _a971-0412-98-3 | ||
| 082 | _aFil. 333.7 F981 2015 | ||
| 100 |
_aGuido, Ryan Manuel D. _eauthor |
||
| 245 |
_aFundamentals of environmental science / _cRyan Manuel D. Guido, Rizaldy E. Garcia, Julius L. Menerez, Alexander B. Quilang, Noel D. Binag |
||
| 260 |
_aMandaluyong City: _b Books Atbp. Publishing, _cc2015. |
||
| 300 |
_ax, 179p.; _bill. |
||
| 504 | _aIncludes references | ||
| 541 | _e5426 | ||
| 650 | _aEnvironmental science | ||
| 700 |
_aGarcia, Rizaldy E. _eauthor |
||
| 700 |
_aMenerez, Julius L. _eauthor |
||
| 700 |
_aQuilang, Alexander B. _eauthor |
||
| 700 | _aBinag, Noel D. | ||
| 999 |
_c721 _d721 |
||